000 00317nam a2200145 4500
008 190319s2006||||xo d
245 1 0 _aNaša škola
250 _a1.vydanie
260 _bPamiko s.r.o.
_aBratislava
_c2006
300 _a50 s.
020 _c0
041 1 _aslo
044 _axo
_cSK
958 _aAPR
999 _c22239
_d22239